| 000 | 01140cam a2200337 i 4500 | ||
|---|---|---|---|
| 001 | 42277 | ||
| 003 | Mx-PuUPA | ||
| 005 | 20251120140035.0 | ||
| 008 | 140415s2002 sp gr 001 0 spa d | ||
| 017 | _aM.:35.431-2002 | ||
| 020 | _a8474906646 | ||
| 040 |
_cMx-PuUPA _aMx-PuUPA _bspa _dMx-PuUPA _erda |
||
| 041 | 1 |
_aspa _hita |
|
| 100 | 1 |
_aGiussani, Luigi, _d1922-2005, _eautor _91679 |
|
| 240 | 1 | 2 |
_aL'autocoscienza del cosmo. _lEspañol |
| 245 | 1 | 3 |
_aLa autoconciencia del cosmos / _cLuigi Giussani ; traducción, Isabel Almería |
| 264 | 1 |
_aMadrid, España : _bEdiciones Encuentro, _c©2002 |
|
| 300 |
_a394 páginas : _c21 cm |
||
| 336 |
_2rdacontent _atexto _btxt |
||
| 337 |
_2rdamedia _asin medio _bn |
||
| 338 |
_2rdacarrier _avolumen _bnc |
||
| 490 | 0 | _aCasi Tischreden | |
| 650 | 7 |
_2armarc _913986 _aExperiencia religiosa |
|
| 650 | 7 |
_2armarc _aFilosofía y religión |
|
| 650 | 7 |
_2armarc _aTeología _ySiglo XX |
|
| 650 | 7 |
_2armarc _aReligión _xCristianismo |
|
| 765 | 0 |
_aGiussani, Luigi _tL'autocoscienza del cosmo |
|
| 942 |
_2ddc _cLI _h248.2 _iG5318 |
||
| 999 |
_c42277 _d42277 |
||